000 00368nam a22001457a 4500
003 OSt
005 20160727222345.0
008 160621b xxu||||| |||| 00| 0 eng d
040 _ctest
100 _9229
_aRajshekhar
245 _aIndia Beckons And Other Stories
260 _aNew Delhi
_b Ocean Books
_c2006
300 _aIndia Beckons And Other Stories
942 _2ddc
_cBK
999 _c188
_d188